000 01501nam0a2200361 4500
001 RU\NLR\bibl\1799758
005 20250616145932.0
010 _a978-5-9972-0059-6
_9500
021 _aRU
_b2011-54977
_93917
035 _a(nilc)RSL-KNO-004975630
035 _a(NLR Aleph) 001790430
090 _a1753869
_c1753869
100 _a20110718d2010 |||y0rusy50 ca
101 0 _arus
102 _aRU
105 _aa |||||||||
200 1 _aРеализация межпредметных связей в процессе обучения младших школьников математике
_eмонография
_fМагомеддибирова З. А., Расулова П. А.
210 _aМахачкала
_cДГПУ
_d2010
215 _a130 с.
_cил., табл.
_d20
320 _aБиблиогр.: с. 119-130
606 1 _aМатематика
_xПреподавание
_xМежпредметные связи
_xНачальная школа
_92092597
_3RU\NLR\auth\661569972
686 _aЧ426.24,6(2)-211.5,0
_2rubbk
686 _aЧ426.24-211.5,01
700 1 _4070
_aМагомеддибирова
_bЗ. А.
_gЗулпат Абдулгалимовна
_9149611
_3RU\NLR\AUTH\770149647
701 1 _aРасулова
_bП. А.
_gПатимат Абдулхалимовна
_4070
801 0 _aRU
_bRuMoRKP
_c20110718
_grcr
801 1 _aRU
_bРГБ
_c20110718
801 2 _aRU
_bNLR
_c20110818
_grcr
942 _cBOOK
980 _aNB
980 _aNBR